• 首页
  • 本馆介绍
  • 公告通知
  • 最新文献
  • 馆藏检索
  • 电子资源
  • 读者导购
  • 参考咨询
  • 我的图书馆
  • 登录
  • 详细信息显示
  • 放入我的书架
  • 预约/预借图书
  • 作者相关作品
  • 分类相关作品
  • 丛书相关作品
  • 出版社相关作品

书目信息

  • 表格格式
  • 工作单格式
  • 卡片格式
题名:
丝绸之路体育文化论集
    
 
作者: 李重申 , 李金梅 主编 ;兰州理工大学 编著
分册:  
出版信息: 北京   中华书局  2005
页数: 300页
开本: 21cm
丛书名:
单 册:
中图分类: G812.92-53
科图分类:
主题词: 丝绸之路 , 体育运动史 , 丝绸之路--体育运动史--文化史--文集 , 文化史
电子资源:
ISBN: 7-101-04861-7
000 01151nam0 2200289 450
001 003039833
005 20061101111937.76
010    @a7-101-04861-7@dCNY23.00
100    @a20051221d2005 em y0chiy0110 ea
101 0  @achi
102    @aCN@b110000
105    @aa z 000yy
200 1  @a丝绸之路体育文化论集@9si chou zhi lu ti yu wen hua lun ji@f李重申,李金梅主编@g兰州理工大学丝绸之路文史研究所编著
210    @a北京@c中华书局@d2005
215    @a300页@c彩图@d21cm
300    @a国家体育总局体育社会科学、软科学研究项目成果 由“兰州理工大学学术梯队及特色研究方向重点资助计划”项目资助
330    @a本书共收文章23篇,包括《丝绸之路体育考古研究》、《丝绸之路的原始体育》、《敦煌体育文物概论》、《敦煌莫高窟与角抵戏》、《敦煌古代百戏研究》等。
606 0  @a丝绸之路
606 0  @a体育运动史
606 0  @a丝绸之路@x体育运动史@x文化史@j文集
606 0  @a文化史
690    @aG812.92-53@v4
701  0 @a李重申@9li chong shen@f(1942~)@4主编
701  0 @a李金梅@9li jin mei@c(女,@f主编@4li jin mei
712 02 @a兰州理工大学@9lan zhou li gong da xue@b丝绸之路文史研究所@4编著
801  0 @aCN@bNLC@c20061101
905    @a10447@dG812.92-53@e46
    
    丝绸之路体育文化论集/李重申,李金梅主编/兰州理工大学丝绸之路文史研究所编著.-北京:中华书局,2005
    300页:彩图;21cm
    国家体育总局体育社会科学、软科学研究项目成果 由“兰州理工大学学术梯队及特色研究方向重点资助计划”项目资助
    
    ISBN 7-101-04861-7:CNY23.00
    本书共收文章23篇,包括《丝绸之路体育考古研究》、《丝绸之路的原始体育》、《敦煌体育文物概论》、《敦煌莫高窟与角抵戏》、《敦煌古代百戏研究》等。
●
相关链接 在E读中查询图书 在五车中查询图书 在当当中查询图书 在豆瓣中查询图书


正题名:丝绸之路体育文化论集     索取号:G812.92-53/46         预约/预借

序号 登录号 条形码 馆藏地/架位号 状态 备注
1 0387920   203879204   第一样本阅览室/ [索取号:G812.92-53/46] 在馆    
2 0387921   203879213   第四借阅区/ [索取号:G812.92-53/46] 在馆    
3 0387922   203879222   第四借阅区/ [索取号:G812.92-53/46] 在馆    
唐山师范学院图书馆 欢迎您!
大连网信软件有限公司© 版权所有